000
00344nam a22001577a 4500
003
MACL
005
20151125120254.0
008
151125b xxu||||| |||| 00| 0 eng d
040
_c
MACL
041
_a
English
082
_a
320/ROY
100
_a
Roy,M.N.
_9
2139
245
_a
Beyond Communism
650
_a
Politics
_9
18140
942
_2
ddc
_c
BK
999
_c
51080
_d
51080